| 000 | 00000nam##2200000za#4500 |
| 001 | 9.590578 |
| 003 | CaOODSP |
| 005 | 20210624200207 |
| 007 | cr ||||||||||| |
| 008 | 150406|2014||||xxc|||||o f|0| 0 fre|d |
| 020 | |a978-1-100-54787-9 |
| 040 | |aCaOODSP|bfre |
| 041 | |aeng |
| 041 | |afre |
| 043 | |an-cn--- |
| 086 | 1 |aFR4-2014/30-PDF |
| 110 | 1 |aCanada.|bAffaires étrangères, Commerce et Développement Canada. |
| 245 | 10|aRoyaume-Uni / Imposition : |h[ressource électronique]|bProtocole modifiant la Convention entre le gouvernement du Canada et le gouvernement du Royaume-Uni de Grande-Bretagne et d'Irlande du Nord tendant à éviter les doubles impositions et à prévenir l'évasion fiscale en matière d'impôts sur le revenu et les gains en capital, signée à Londres le 8 septembre 1978 et modifiée par le Protocole signé à Ottawa le 15 avril 1980, par le Protocole signé à Londres le 16 octobre 1985 et par le Protocole signé à Londres le 7 mai 2003, fait à Londres le 21 juillet 2014, en vigueur : le 18 décembre 2014 |
| 260 | |aOttawa - Ontario : |bAffaires étrangères, Commerce et Développement Canada |cc2014. |
| 300 | |a38p. |
| 490 | 1 |aRecueil des traités|v2014/30 |
| 590 | |a15-10|b2015-03-06 |
| 791 | |tUnited Kingdom / Taxation : |eeng|w(CaOODSP)9.590577 |
| 830 | #0|aRecueil des traités ;|v2014/30|w(CaOODSP)9.500662 |
| 856 | 40|ahttp://publications.gc.ca|qPDF|s148 Ko|uhttps://publications.gc.ca/collections/collection_2015/maecd-dfatd/FR4-2014-30.pdf|y2014/30 |